The anthropological study of education (Record no. 106363)
[ view plain ]
| 000 -LEADER | |
|---|---|
| fixed length control field | 01631nam a2200385 a 4500 |
| 082 04 - DEWEY DECIMAL CLASSIFICATION NUMBER | |
| Classification number | 301.5/6 |
| 245 04 - TITLE STATEMENT | |
| Title | The anthropological study of education |
| 260 ## - PUBLICATION, DISTRIBUTION, ETC. (IMPRINT) | |
| Place of publication | The Hague : |
| Name of publisher | Mouton Publishers, |
| Year of publication | 1976. |
| 300 ## - PHYSICAL DESCRIPTION | |
| Number of Pages | xii, 360 p. : |
| Other physical details | ill. |
| 500 ## - GENERAL NOTE | |
| General note | "Distributed in the U.S.A. and Canada by Aldine, Chicago." |
| General note | Papers prepared for the 9th International Congress of Anthropological and Ethnological Sciences, Chicago, 1973. |
| 650 #0 - SUBJECT ADDED ENTRY--TOPICAL TERM | |
| Topical Term | Educational anthropology |
| 700 1# - ADDED ENTRY--PERSONAL NAME | |
| Personal name | Calhoun, Craig J., |
| Personal name | Ianni, Francis A. J. |
| 856 40 - ELECTRONIC LOCATION AND ACCESS | |
| Uniform Resource Identifier | http://site.ebrary.com/lib/rucke/Doc?id=10585572 |
No items available.
